| 000 | 00439nam a2200169 i 4500 | ||
|---|---|---|---|
| 001 | 146563 | ||
| 003 | ES-MaACL | ||
| 005 | 20230906201600.0 | ||
| 007 | t| | ||
| 008 | 070912s1908 fr ||||1| fre d | ||
| 100 | 1 |
_aToulouse, Edouard. _9111128 |
|
| 245 | 1 | 0 |
_aComment former un esprit / _cEdouard Toulouse. |
| 250 | _a6ยช ed. | ||
| 260 |
_aParis : _bHachette, _c1908. |
||
| 300 |
_aX, 250 p. ; _c18 cm. |
||
| 852 |
_aES-MaACL _jF-11242 |
||
| 999 |
_c146563 _d146563 |
||